France - Les régions d'origine des présidents de la République - Statistiques

Statistiques générales
  • Ce quiz a été pris 18 fois
  • Le résultat moyen est 10 sur 26
Statistiques - réponses
Président Région d'origine % Correct
Bonaparte Ile-de-France
77%
Sarkozy Ile-de-France
77%
Macron Hauts-de-France
69%
Chirac Ile-de-France
69%
De Gaulle Hauts-de-France
54%
Casimir-Périer Ile-de-France
54%
Auriol Occitanie
54%
Poher Ile-de-France
46%
Mitterrand Nouvelle-Aquitaine
46%
Giscard d'Estaing Allemagne
38%
Pompidou Auvergne-Rhône-Alpes
38%
Poincaré Grand-Est
38%
Carnot Nouvelle-Aquitaine
38%
Doumer Auvergne-Rhône-Alpes
31%
Faure Ile-de-France
31%
Millerand Ile-de-France
31%
Coty Normandie
31%
Hollande Normandie
31%
Fallières Nouvelle-Aquitaine
23%
Doumergue Occitanie
23%
Loubet Auvergne-Rhône-Alpes
15%
Deschanel Belgique
15%
Mac Mahon Bourgogne-Franche-Comté
15%
Lebrun Grand-Est
15%
Thiers Provence-Alpes-Côte-d'Azur
15%
Grévy Bourgogne-Franche-Comté
8%
Aucun quiz correspondant
Distribution des résultats
% des personnes avec chaque résultat
Percentile par nombre de réponses
Votre historique - résultats
Vous n’avez pas pris ce quiz